000 01523nam a2200373Ia 4500
001 ebr10699057
003 CaPaEBR
006 m o u
007 cr cn|||||||||
008 070315s2006 njua sb 011 0 eng d
020 _z9812566260
020 _z9789812566263
020 _z9789812707291
040 _aCaPaEBR
_cCaPaEBR
035 _a(OCoLC)85861432
050 1 4 _aHG4551
_b.A38 2006eb
245 0 0 _aAdvances in quantitative analysis of finance and accounting
_h[electronic resource] .
_nVolume 3 :
_bessays in microstructure in honor of David K. Whitcomb /
_ceditors, Ivan E. Brick, Tavy Ronen, Cheng-Few Lee.
246 3 0 _aFinance and accounting
260 _aHackensack, N.J. :
_bWorld Scientific,
_cc2006.
300 _axx, 248 p. :
_bill.
504 _aIncludes bibliographical references and index.
533 _aElectronic reproduction.
_bPalo Alto, Calif. :
_cebrary,
_d2013.
_nAvailable via World Wide Web.
_nAccess may be limited to ebrary affiliated libraries.
600 1 0 _aWhitcomb, David K.
650 0 _aStock exchanges
_xMathematical models.
650 0 _aSecurities
_xPrices
_xMathematical models.
650 0 _aLiquidity (Economics)
_xMathematical models.
655 7 _aElectronic books.
_2local
700 1 _aWhitcomb, David K.
700 1 _aBrick, Ivan E.
700 1 _aRonen, Tavy.
700 1 _aLee, Cheng F.
710 2 _aebrary, Inc.
856 4 0 _uhttp://site.ebrary.com/lib/rucke/Doc?id=10699057
_zAn electronic book accessible through the World Wide Web; click to view
999 _c6585
_d6585